الشريف الإدريسي / (Record no. 33532)

MARC details
000 -LEADER
fixed length control field 00561nam a22001937a 4500
005 - DATE AND TIME OF LATEST TRANSACTION
control field 20251108165854.0
008 - FIXED-LENGTH DATA ELEMENTS--GENERAL INFORMATION
fixed length control field 250721s1987 xx 000 0 ara d
082 14 - DEWEY DECIMAL CLASSIFICATION NUMBER
Classification number ط/910.92/إدر
100 1# - MAIN ENTRY--PERSONAL NAME
Personal name حداد، خالد
245 10 - TITLE STATEMENT
Title الشريف الإدريسي /
264 1# - PRODUCTION, PUBLICATION, DISTRIBUTION, MANUFACTURE, AND COPYRIGHT NOTICE
Place of production, publication, distribution, manufacture دمشق :
Name of producer, publisher, distributor, manufacturer دار الكتاب العربي،
Date of production, publication, distribution, manufacture, or copyright notice 1987.
300 ## - PHYSICAL DESCRIPTION
Extent 27ص
490 0# - SERIES STATEMENT
Series statement سلسلة إعلام الفكر العربي
650 17 - SUBJECT ADDED ENTRY--TOPICAL TERM
Topical term or geographic name as entry element الرحلات و السفر
650 17 - SUBJECT ADDED ENTRY--TOPICAL TERM
Topical term or geographic name as entry element الأسفار
650 17 - SUBJECT ADDED ENTRY--TOPICAL TERM
Topical term or geographic name as entry element الرحالة
942 ## - ADDED ENTRY ELEMENTS (KOHA)
Source of classification or shelving scheme Dewey Decimal Classification
Koha item type Books
Holdings
حالة السحب حالة الفقدان مصدر التصنيف حالة التلف غير قابل للإعارة المكتبة الرئيسية المكتبة الحالية موقع الرف تاريخ التزويد الرقم المتسلسل Total Checkouts رقم الإستدعاء تاريخ آخر ظهور تاريخ الفاتورة نوع المادة (كوها) الباركود
    Dewey Decimal Classification     مكتبة الجويدة مكتبة الجويدة الأطفال 22/04/2015 [201]   ط/910.92/إدر 28/07/2025 22/04/2015 Books PLD00320952
    Dewey Decimal Classification Unchecked   مكتبة النصر العامة مكتبة النصر العامة الأطفال 06/07/2004 779   ط/910.92/إدر 28/07/2025 06/07/2004 Books  
    Dewey Decimal Classification     مكتبة وادي السير العامة مكتبة وادي السير العامة الأطفال 20/09/2015 [150].   ط/910.92/إدر 28/07/2025 20/09/2015 Books PLD00349009
Implemented & Customized by: BBB with SCIT (Smart Chains for Information Technology)

Powered by Koha